RISK Decoder - Statistics

General Stats
  • This quiz has been taken 46 times
    9 since last reset
  • The average score is 8 of 18
Answer Stats
Hint Answer % Correct
African Territory. Pyramids! Egypt
88%
Color of Asia in game Green
75%
Name of the game RISK
75%
Southernmost South American Territory Argentina
63%
Blue Continent with a bonus of 5 Europe
63%
Ukraine, and many Asian countries make up this huge country in modern day Russia
63%
Northwest _________ Territory
63%
Only North American Territory connecting to Europe Greenland
50%
The only Territory giving you acess to Australia Siam
50%
The things you conquer Territories
50%
Leftmost Australian Territory Western Australia
38%
HIDDEN MESSAGE: GREAT STRATEGY WINS
25%
4 islands, Part of Australia Indonesia
25%
Biggest African Territory North Africa
25%
Bordered by Ukraine and Northern Europe Scandinavia
25%
Borders Ukraine, China, and Ural Afghanistan
13%
You need these to win Troops
13%
Asian territory connectins to Kamchaka, Irkutsk, and Siberia Yakutsk
13%
No matching quizzes found
Score Distribution
Percent of People with Each Score
Percentile by Number Answered
Your Score History
You have not taken this quiz since the last reset